Sports Quiz

Random Sports or NHL Quiz

Top Active NHL Playoff Goal Scorers Quiz Stats

 Plays Quiz not verified by Sporcle

Challenge
Share
Tweet
Embed
Score 0/64 Timer 08:00
0 Plays Today
Goals Player % Correct
66Sidney Crosby
99.1%
62Evgeni Malkin
98.2%
57Henrik Zetterberg
96.8%
72Patrick Marleau
96.4%
50Patrick Kane
96.4%
22Steven Stamkos
96.2%
27Joe Thornton
95.5%
40Jonathan Toews
95.5%
61Alex Ovechkin
94.1%
25Daniel Sedin
93.7%
23Henrik Sedin
93.7%
78Jaromir Jagr
93.2%
31Nicklas Backstrom
93.1%
21Anze Kopitar
93.1%
32Phil Kessel
92.9%
36Corey Perry
91.7%
39Jeff Carter
91.4%
37Ryan Getzlaf
89.6%
24Claude Giroux
89.1%
47Patrick Sharp
87.8%
24Ryan Kesler
87%
21Kris Letang
84.6%
23Jordan Staal
82.8%
31Patrice Bergeron
82.8%
24Tyler Johnson
82.1%
20Eric Staal
81%
21Brad Marchand
80%
32David Krejci
79.2%
28Milan Lucic
79.2%
32Marian Gaborik
78.6%
44Joe Pavelski
77.4%
35Zach Parise
75.6%
Goals Player % Correct
34Logan Couture
72.4%
22Filip Forsberg
72.2%
29Nikita Kucherov
71.4%
19Dustin Brown
70.2%
22Jason Spezza
67.9%
31James Neal
67.9%
27Chris Kunitz
66.7%
23Jake Guentzel
66.7%
23Evgeny Kuznetsov
66.7%
19Dustin Byfuglien
66.7%
36Justin Williams
63.8%
21Thomas Vanek
63.1%
20Brent Seabrook
58.7%
24Mike Fisher
57.1%
19Derek Stepan
57.1%
23Chris Kreider
55.2%
24Patric Hornqvist
55%
32Brian Gionta
53.8%
21Jason Pominville
53.6%
19Alexandre Burrows
52.4%
22Vladamir Tarasenko
50%
20Ondrej Palat
50%
19Scott Hartnell
48.8%
23Derick Brassard
46.4%
20Ryan Callahan
46.4%
19Matt Cullen
42.9%
25Valtteri Filppula
34.5%
23T.J. Oshie
31.6%
22Joel Ward
28.6%
22Carl Hagelin
25%
20Paul Stastny
25%
20Alex Killorn
15.4%

You're not logged in!

Compare scores with friends on all Sporcle quizzes.
Join for Free
OR
Log In

You Might Also Like...

Show Comments

Extras

Top Quizzes Today


Score Distribution

Your Account Isn't Verified!

In order to create a playlist on Sporcle, you need to verify the email address you used during registration. Go to your Sporcle Settings to finish the process.

Report this User

Report this user for behavior that violates our Community Guidelines.

Details: